| 000 | 00490nam a22001937a 4500 | ||
|---|---|---|---|
| 008 | 150713b xxu||||| |||| 00| 0 alb d | ||
| 020 | _a9789928139856 | ||
| 041 | 0 | _aalb | |
| 080 | _a321 .01 | ||
| 100 | _aQori, Arlind ; | ||
| 245 |
_aHistori e mendimit politik / _cArlind Qori. |
||
| 260 |
_aTiranë : _bEdlora, _c2013. |
||
| 300 |
_a488 f. ; _c21 cm. |
||
| 500 | _aParathënie : f. 11-13 | ||
| 650 | 0 | _aShkenca politike | |
| 650 | 0 | _aShteti | |
| 650 | 0 | _aHistoria | |
| 942 |
_2udc _cBK |
||
| 999 |
_c1108 _d1108 |
||